[Event "Prague Summer op 1st"]
[Site "Prague"]
[Date "2014.08.11"]
[Round "3"]
[White "Vreugdenhil, Frans"]
[Black "Poglajen, Franc"]
[Result "1-0"]
[WhiteElo "2003"]
[BlackElo "1770"]
[PlyCount "57"]
[EventDate "2014.08.09"]
[EventType "swiss"]
[EventRounds "9"]
[EventCountry "CZE"]
[SourceTitle "CBM 162 Extra"]
[Source "ChessBase"]
[SourceDate "2014.10.17"]
[SourceVersion "1"]
[SourceVersionDate "2014.10.17"]
[SourceQuality "1"]

1. e4 c5 2. Nf3 Nc6 3. d4 cxd4 4. Nxd4 d6 5. Nc3 g6 6. Be3 Bg7 7. Bc4 Nf6 8. f3 Bd7 9. Qd2 Rc8 10. Bb3 Ne5 11. Bh6 0-0 12. 0-0-0 Rc5 13. h4 Nc4 14. Bxc4 Rxc4 15. Bxg7 Kxg7 16. h5 Rh8 17. h6+ Kf8 18. g4 Qa5 19. Nb3 Qc7 20. e5 Ne8 21. Nd5 Qc8 22. exd6 e6 23. Ne7 Qb8 24. Qg5 f6 25. Nxg6+ hxg6 26. Qxg6 Rg8 27. Qh7 Nxd6 28. Qxd7 Nf7 29. Nd4 1-0

[Event "SLO-CupT"]
[Site "Radenci"]
[Date "2014.05.02"]
[Round "2"]
[White "Bozic, Marjan"]
[Black "Poglajen, Franc"]
[Result "1-0"]
[WhiteElo "2082"]
[BlackElo "1770"]
[PlyCount "138"]
[EventDate "2014.05.02"]
[EventType "team-tourn"]
[EventRounds "7"]
[EventCountry "SLO"]
[SourceTitle "EXT 2019"]
[Source "ChessBase"]
[SourceDate "2018.10.10"]
[SourceVersion "1"]
[SourceVersionDate "2018.10.10"]
[SourceQuality "1"]
[WhiteTeam "Krsko Triglav"]
[BlackTeam "Komenda"]
[WhiteTeamCountry "SLO"]
[BlackTeamCountry "SLO"]

1. e4 e5 2. Nf3 Nc6 3. Bb5 a6 4. Bxc6 dxc6 5. 0-0 Bg4 6. h3 Bxf3 7. Qxf3 Nf6 8. d3 g6 9. Be3 Bg7 10. Nd2 0-0 11. Nc4 Qe7 12. a3 b6 13. Qe2 Nh5 14. Qd2 Rad8 15. Bh6 Qe6 16. Bxg7 Kxg7 17. Qc3 f6 18. Rae1 Nf4 19. Re3 Rd4 20. Kh2 Rfd8 21. Nd2 R4d6 22. Qc4 Qxc4 23. Nxc4 Rd4 24. g3 Ne6 25. f4 exf4 26. gxf4 c5 27. Kg3 Rf8 28. h4 Rd7 29. Rf2 Nd4 30. Re1 Nc6 31. Rg1 b5 32. Ne3 Nd4 33. Ra1 c6 34. a4 b4 35. b3 Kf7 36. Rg1 Rg8 37. Kg2 Rgd8 38. Kf1 Ke7 39. Rg3 Kf7 40. Rfg2 Rg8 41. Rh3 Ne6 42. Rf2 Nd4 43. Ng4 Rg7 44. Rg3 Ke7 45. Ne3 Ke8 46. Rfg2 Ne6 47. Rf2 Nd4 48. Ke1 Rde7 49. Kd2 Rd7 50. Rg1 Kf8 51. Rg3 Rde7 52. Rf1 Rg8 53. Rfg1 Reg7 54. Nc4 h6 55. e5 f5 56. Nd6 g5 57. fxg5 hxg5 58. hxg5 Rxg5 59. Rxg5 Nf3+ 60. Ke3 Nxg1 61. Rxg8+ Kxg8 62. Nxf5 Kf7 63. Nd6+ Ke6 64. Nb7 Kxe5 65. Nxc5 Kd5 66. Nxa6 c5 67. Nc7+ Kc6 68. Ne6 Nh3 69. Kf3 Kd5 1-0

[Event "Ljubljana-chT 62nd 3rd League"]
[Site "Ljubljana"]
[Date "2009.02.05"]
[Round "5.1"]
[White "Grasic, Marjan"]
[Black "Poglajen, Franc"]
[Result "0-1"]
[WhiteElo "1609"]
[BlackElo "1891"]
[PlyCount "74"]
[EventDate "2009.01.08"]
[EventType "team-tourn"]
[EventRounds "10"]
[EventCountry "SLO"]
[SourceTitle "EXT 2022"]
[Source "ChessBase"]
[SourceDate "2021.10.06"]
[SourceVersion "1"]
[SourceVersionDate "2021.10.06"]
[SourceQuality "1"]

1. e4 e5 2. Nf3 Nc6 3. d4 exd4 4. Nxd4 Qf6 5. Be3 Bc5 6. c3 Nge7 7. Be2 d5 8. Qd3 0-0 9. Nxc6 Qxc6 10. exd5 Nxd5 11. Bf3 Be6 12. c4 Nb4 13. Qc3 Qb6 14. Na3 Rad8 15. Nc2 Nxc2+ 16. Qxc2 Bxe3 17. fxe3 Qxe3+ 18. Qe2 Qb6 19. Rd1 Qb4+ 20. Kf2 Bxc4 21. Qc2 Qc5+ 22. Kg3 c6 23. b3 Qg5+ 24. Kf2 Bd5 25. Qc3 Bxf3 26. Qxf3 Rd2+ 27. Rxd2 Qxd2+ 28. Qe2 Rd8 29. Re1 f6 30. Kf1 Qxe2+ 31. Rxe2 Kf7 32. Kf2 h5 33. h3 h4 34. Kf3 g5 35. Kg4 Kg6 36. Re7 Rd3 37. Re6 Rg3# 0-1